Statistics for Countries Closest to Laos

Click here to take the quiz!

General Stats

  • This quiz has been taken 101 times
  • The average score is 18 of 20

Answer Stats

km country miles % Correct
0China0
100%
0Thailand0
99%
0Vietnam0
99%
717India445
99%
0Cambodia0
96%
1406Singapore874
96%
780Bangladesh485
95%
945Malaysia587
95%
1105Indonesia687
95%
1528Taiwan949
93%
0Myanmar0
93%
1072Bhutan666
93%
1396Nepal867
93%
2603South Korea1618
88%
1315Philippines817
88%
2714North Korea1686
88%
1864Japan1158
86%
1342Brunei834
83%
2360Sri Lanka1466
82%
2148Mongolia1335
80%

Score Distribution

Percentile by Number Answered

Percent of People with Each Score

Your Score History

You have not taken this quiz